000 00679nam a2200217Ia 4500
005 20241129104327.0
008 241129s9999||||xx |||||||||||||| ||und||
020 _a9781473981775
037 _aTextual
040 _aRTL
_beng
_cRTL
041 _aeng
_2eng
084 _aU47(R43) R0
_qRTL
100 _aWilson Helen F.; Darling Jonathan
_9724820
245 0 _aResearch ethics for human geography: A handbook for students
_cWilson Helen F.; Darling Jonathan
260 _aNew Delhi
_bSage
_c2021
300 _axxx,354p.
365 _aINR
_b2625.74
650 _aResearch Ethics in Geography
_9725775
942 _cTB
_hU47(R43) R0
999 _c1225408
_d1225408